[Event "World Junior Open 2014"]
[Site "Pune IND"]
[Date "2014.10.10"]
[Round "5.1"]
[White "Cori,J"]
[Black "Wei Yi"]
[Result "1/2-1/2"]
[WhiteElo "2612"]
[BlackElo "2641"]

1.Nf3 Nf6 2.c4 g6 3.Nc3 d5 4.cxd5 Nxd5 5.h4 Bg7 6.h5 Nc6 7.g3 Bg4 8.h6 Bf6
9.Bg2 O-O 10.O-O Bxf3 11.Bxf3 e6 12.Bg2 Qd7 13.Ne4 Be7 14.d3 Rad8 15.Bd2 Nd4
16.Rc1 b6 17.Ng5 c5 18.Nf3 Bf6 19.Rb1 e5 20.Nxd4 exd4 21.Bf3 Rfe8 22.Kg2 Re5
23.Rh1 Rde8 24.a3 g5 25.Qb3 Rxe2 26.Rbe1 Rxe1 27.Rxe1 Rxe1 28.Bxe1 Ne7 29.Qd1 Nf5
30.Bg4 Qc6+ 31.Qf3 Qxf3+ 32.Kxf3 Nxh6 33.Bc8 Kf8 34.Ke4 Ng8 35.b4 Bd8 36.bxc5 bxc5
37.a4 Ne7 38.Bd7 Kg7 39.f4 f5+ 40.Bxf5 Nxf5 41.Kxf5 gxf4 42.Kxf4 Kf6 43.g4 Bc7+
44.Ke4 Kg5 45.Kf3 Bd6 46.Bf2 Bb8 47.Be1 Bc7 48.Bf2 Kf6 49.Ke4 Ke6 50.Be1 Kd6
51.Bd2 Kc6 52.Be1 Bd6 53.Bd2 Bc7 54.Be1 Bd8 55.Bd2 Bh4 56.Ba5 Be7 57.Bd2 Bf6
58.Be1 Bg5 59.Ba5 Bc1 60.Bd8 Bb2 61.Be7 Bc3 62.Bf6 Ba5 63.Bh4 Bb6 64.Be1 Bc7
65.Bd2 Bb8 66.Be1 Kb6 67.Bd2 Bg3 68.Kd5 Bf2 69.Kc4 Kc6 70.Bh6 Bg3 71.Bf8 Bd6
72.Bh6 Be7 73.Bf4 Bf8 74.Bg3 Bd6 75.Bh4 Bf8  1/2-1/2

[Event "World Junior Open 2014"]
[Site "Pune IND"]
[Date "2014.10.11"]
[Round "6.3"]
[White "Wei Yi"]
[Black "Grover,S"]
[Result "1/2-1/2"]
[WhiteElo "2641"]
[BlackElo "2491"]

1.e4 e6 2.d4 d5 3.Nd2 c5 4.exd5 Qxd5 5.Ngf3 cxd4 6.Bc4 Qd8 7.O-O a6 8.Nb3 Nc6
9.Qe2 b5 10.Bd3 Nf6 11.Rd1 Bd6 12.a4 b4 13.Bg5 Bb7 14.Nbxd4 Nxd4 15.Nxd4 O-O
16.Bh4 Kh8 17.Nf3 Qc7 18.Bxf6 gxf6 19.Bxh7 Kxh7 20.Qd3+ f5 21.Qxd6 Qxd6 22.Rxd6 Bxf3
23.gxf3 a5 24.Rc1 Rfc8 25.Rd3 Rc4 26.b3 Rh4 27.c4 bxc3 28.Rcxc3 Rg8+ 29.Kf1 Rxh2
30.Rd7 Kg6 31.Ke2 f4 32.Rc5 Rb8 33.Rd3 Rh5 34.Rxh5 Kxh5 35.Rc3 Kh4  1/2-1/2

[Event "World Junior Open 2014"]
[Site "Pune IND"]
[Date "2014.10.12"]
[Round "7.4"]
[White "Tari,A"]
[Black "Wei Yi"]
[Result "0-1"]
[WhiteElo "2450"]
[BlackElo "2641"]

1.e4 c5 2.Nf3 d6 3.d4 cxd4 4.Qxd4 Nf6 5.Bb5+ Bd7 6.c4 g6 7.O-O Bg7 8.Nc3 O-O
9.Qd3 Bg4 10.Nd4 a6 11.Ba4 Nbd7 12.Bxd7 Nxd7 13.b3 Nc5 14.Qe3 f5 15.exf5 gxf5
16.Ne6 Nxe6 17.Qxe6+ Kh8 18.Bd2 Rf6 19.Qd5 Rg6 20.Kh1 e6 21.Qxb7 Bd4 22.Rae1 Rg7
23.Qc6 Rc8 24.Qa4 Qh4 25.Rxe6 Bf3 26.Re8+ Rg8 27.Rxc8 Bxg2+ 28.Kg1 Rxc8 29.Ne2 Bxf1
30.Nxd4 Qh3  0-1

[Event "World Junior Open 2014"]
[Site "Pune IND"]
[Date "2014.10.14"]
[Round "8.2"]
[White "Wei Yi"]
[Black "Narayanan,SL"]
[Result "1-0"]
[WhiteElo "2641"]
[BlackElo "2420"]

1.e4 c6 2.d4 d5 3.e5 Bf5 4.Nf3 e6 5.Be2 Nd7 6.O-O Ne7 7.Nbd2 h6 8.Nb3 Bg6
9.Bd2 Nf5 10.g4 Nh4 11.Nxh4 Qxh4 12.f4 Be4 13.Be1 Qd8 14.Bd3 Bxd3 15.Qxd3 h5
16.Qh3 g6 17.f5 Qg5 18.Kh1 Qxg4 19.Qxg4 hxg4 20.fxe6 fxe6 21.Rg1 Be7 22.Rxg4 Kf7
23.Na5 c5 24.dxc5 Nxc5 25.Bb4 Ne4 26.Rf1+ Ke8 27.Bxe7 Kxe7 28.Rxg6 Rag8 29.Rxg8 Rxg8
30.Rf3 Rg5 31.Nxb7 Rxe5 32.Na5 Kd6 33.Rf7 Ng5 34.Nb7+ Kc6 35.Nd8+ Kd6 36.Rg7 Re1+
37.Kg2 Ne4 38.Rxa7 Re2+ 39.Kf3 Rxc2 40.Ra6+ Kd7 41.Nxe6 Rxh2 42.b4 Rb2 43.a3 Nd6
44.Nc5+ Kc7 45.Kf4 Nc4 46.Kf5 Rb1 47.Ke6 Nb6 48.Ke5 Re1+ 49.Kd4 Rc1 50.Kd3 Rc4
51.Na4 Nxa4 52.Rxa4 Rh4 53.Ra6 Rh3+ 54.Kd4 Kb7 55.b5 Rb3 56.a4 Rb4+ 57.Kxd5 Rh4
58.Kc5 Rg4 59.Rf6 Rg5+ 60.Kb4 Rg4+ 61.Ka5 Rg7 62.Rf4 Rh7 63.Kb4 Kb6 64.a5+ Kb7
65.Rd4 Rg7 66.Rd5 Rh7 67.Re5 Rg7 68.Kc5 Rd7 69.Re6 Rh7 70.Kd6 Rh5 71.Re7+ Kb8
72.b6 Rh1 73.a6 Rd1+ 74.Ke6 Re1+ 75.Kf6 Rf1+ 76.Kg5 Rg1+ 77.Kf4 Rg8 78.Kf5 Rd8
79.Ke4  1-0

[Event "World Junior Open 2014"]
[Site "Pune IND"]
[Date "2014.10.15"]
[Round "9.1"]
[White "Wei Yi"]
[Black "Lu Shanglei"]
[Result "1/2-1/2"]
[WhiteElo "2641"]
[BlackElo "2533"]

1.e4 c5 2.Nf3 d6 3.d4 cxd4 4.Nxd4 Nf6 5.Nc3 a6 6.g3 e6 7.Bg2 Be7 8.O-O Qc7
9.Be3 Nc6 10.a4 O-O 11.f4 Nxd4 12.Qxd4 Ng4 13.Qb6 Qc4 14.Bd4 e5 15.Bf2 exf4
16.Nd5 Bd8 17.Qxd6 Nxf2 18.Rxf2 fxg3 19.hxg3 Be6 20.a5 Rc8 21.e5 Qb5 22.Raf1 Rc6
23.Ne7+ Bxe7 24.Qxe7 Rcc8 25.Qxb7 Qxe5 26.b3 Qxa5 27.c4 Rb8 28.Qe4 Qc5 29.Qd3 Rfd8
30.Qc3 Qb6 31.Rb1 Qb4 32.Qxb4 Rxb4 33.c5 Rd3 34.Rc2 Rbxb3 35.Rbc1 Rxg3 36.c6 g6
37.c7 Kg7 38.c8=Q Bxc8 39.Rxc8 Rb2 40.R8c2 Rxc2 41.Rxc2 a5 42.Rc5 a4 43.Kf2 Rg4
44.Ra5 Rf4+ 45.Ke3 Rg4 46.Bf3 Rh4 47.Ra7 g5 48.Bd5 Rf4 49.Be4 h5 50.Rxa4 Rf6
51.Ra5 Kh6 52.Ra8 g4 53.Rg8 Rf1 54.Ke2 Rf4 55.Ke3 Rf6 56.Bd5 Kh7 57.Rg5 Kh6
58.Rg8 Kh7 59.Rg5 Kh6 60.Rg8  1/2-1/2

[Event "World Junior Open 2014"]
[Site "Pune IND"]
[Date "2014.10.16"]
[Round "10.2"]
[White "Antipov,M2"]
[Black "Wei Yi"]
[Result "0-1"]
[WhiteElo "2524"]
[BlackElo "2641"]

1.e4 c5 2.Nf3 d6 3.d4 cxd4 4.Qxd4 Nf6 5.Bg5 Bd7 6.Nc3 Nc6 7.Qd2 e6 8.Bf4 Qa5
9.O-O-O Ne5 10.Bxe5 dxe5 11.Qg5 Rc8 12.Qxe5 Bc5 13.Nd2 O-O 14.Nc4 Qd8 15.f3 Qe7
16.Nd6 Rc6 17.Ndb5 Rfc8 18.Rd3 Rb6 19.Nd4 Bb4 20.Nb3 Rbc6 21.Be2 a5 22.Nd2 Rc5
23.Qd4 e5 24.Qe3 Be6 25.Nb3 R5c7 26.Kb1 Bc4 27.Rd2 a4 28.Nc1 a3 29.Bxc4 Rxc4
30.Nd5 Nxd5 31.Rxd5 Rxc2 32.Nd3 axb2 33.Rb5 Bd2 34.Qb6 Qa3  0-1

[Event "World Junior Open 2014"]
[Site "Pune IND"]
[Date "2014.10.17"]
[Round "11.1"]
[White "Wei Yi"]
[Black "Grigoryan,K2"]
[Result "1-0"]
[WhiteElo "2641"]
[BlackElo "2591"]

1.e4 e5 2.Nf3 Nf6 3.Nxe5 d6 4.Nf3 Nxe4 5.d4 d5 6.Bd3 Be7 7.O-O Nc6 8.Nc3 Nxc3
9.bxc3 Bg4 10.Rb1 Rb8 11.h3 Bh5 12.Bf5 O-O 13.Qd3 Bg6 14.Re1 Re8 15.Bf4 Bd6
16.Rxe8+ Qxe8 17.Bxd6 cxd6 18.Bxg6 hxg6 19.Qb5 Qd7 20.Qxd5 Ne7 21.Qe4 d5
22.Qf4 Nc6 23.Re1 f6 24.Qg3 Kf7 25.Qf4 Re8 26.Rxe8 Kxe8 27.h4 b5 28.Nd2 Nd8
29.Nb3 Qe6 30.Nc5 Qe7 31.Qf3 Ne6 32.Qxd5 Nxc5 33.dxc5 Qe1+ 34.Kh2 Qxf2 35.Qe4+ Kf7
36.Qd4 Qf5 37.c6 Qc8 38.Qxa7+ Ke6 39.Qb7 Qd8 40.c7 Qd6+ 41.Kh3  1-0

[Event "World Junior Open 2014"]
[Site "Pune IND"]
[Date "2014.10.18"]
[Round "12.1"]
[White "Fedoseev,Vl3"]
[Black "Wei Yi"]
[Result "1-0"]
[WhiteElo "2661"]
[BlackElo "2641"]

1.d4 Nf6 2.c4 g6 3.Nc3 d5 4.Nf3 Bg7 5.Bg5 dxc4 6.e4 c5 7.d5 h6 8.Bxf6 Bxf6
9.Bxc4 Bg7 10.h3 O-O 11.O-O Qb6 12.Qe2 e5 13.a4 Qd6 14.a5 Na6 15.Nb5 Qf6
16.Rfd1 Bd7 17.Rac1 Nb4 18.Na3 b6 19.Bb5 Bxb5 20.Qxb5 Qf4 21.Qe2 f5 22.Rc4 fxe4
23.Rxe4 Qf5 24.Nxe5 Rfe8 25.Nac4 Rad8 26.d6 Re6 27.d7 Kh7 28.Nd6 Qxe5 29.Rxe5 Rxe5
30.Qb5 a6 31.Qxb6 Rxd7 32.f4 Rf5 33.Kh2 Rxf4 34.Qxc5 Re7 35.Nf5  1-0

[Event "World Junior Open 2014"]
[Site "Pune IND"]
[Date "2014.10.19"]
[Round "13.1"]
[White "Wei Yi"]
[Black "Duda,J"]
[Result "1/2-1/2"]
[WhiteElo "2641"]
[BlackElo "2599"]

1.e4 e5 2.Nf3 Nc6 3.Bc4 Nf6 4.Ng5 d5 5.exd5 Nd4 6.c3 b5 7.Bf1 Nxd5 8.cxd4 Qxg5
9.Bxb5+ Kd8 10.Qf3 exd4 11.Bc6 Nf4 12.O-O Bg4 13.Re1 Bd6 14.Qe4 Bd7 15.d3 Bxc6
16.Qxc6 Qd5 17.Qxd5 Nxd5 18.Nd2 Kd7 19.Nc4 Rhe8 20.Bd2 c5 21.Kf1 Rac8 22.g3 Nb6
23.Nxd6 Kxd6 24.Rxe8 Rxe8 25.Rc1 Kd5 26.b3 Re6 27.f4 f5 28.Kf2 Rh6 29.Kg2 Re6
30.Kf3 Rh6 31.Kg2 Re6 32.Kf3 Rh6 33.Rh1 Nd7 34.h3 Nb8 35.Re1 Nc6 36.Kg2 Re6
37.Rxe6 Kxe6 38.a3 h5 39.Kf3 g6 40.Ke2 Kd5 41.Kd1 Ne7 42.Ke2 Ke6 43.b4 cxb4
44.Bxb4 Nc6 45.Bf8 Kd5 46.Kd2 a5 47.a4 Nd8 48.Be7 Ne6 49.Kc2 Nc5 50.Bd8 Nxa4
51.Bxa5 Nc5 52.Bb4 Ne6 53.Be7 Kc6 54.Kb3 Kb5 55.Bf6 Nc5+ 56.Kc2 Ne6 57.Kb3 Nc5+  1/2-1/2

[Event "China zt 3.5 2014"]
[Site "Zhongshan CHN"]
[Date "2014.10.26"]
[Round "1.2"]
[White "Bao,Q"]
[Black "Wei Yi"]
[Result "0-1"]
[WhiteElo "2249"]
[BlackElo "2641"]

1.Nf3 d5 2.c4 d4 3.e3 Nc6 4.d3 g6 5.exd4 Nxd4 6.Nxd4 Qxd4 7.Nc3 c6 8.Be3 Qd8
9.d4 Nh6 10.d5 Nf5 11.Bd4 f6 12.g4 Nxd4 13.Qxd4 e5 14.Qe4 Qb6 15.O-O-O Bh6+
16.Kb1 O-O 17.Qe2 f5 18.gxf5 Bxf5+ 19.Ka1 e4 20.h4 Rae8 21.h5 Bg7 22.Rh2 Bxc3
23.bxc3 cxd5 24.hxg6 Bxg6 25.Qe3 Qc7 26.Rg2 dxc4 27.Qd4 b5 28.Qd5+ Kh8 29.Qxb5 Qg7
30.Qxc4 Rc8 31.Qd4 Rxc3 32.Qxg7+ Kxg7 33.Rd7+ Kf6 34.Kb2 Rc5 35.Rg3 Rf5  0-1

[Event "China zt 3.5 2014"]
[Site "Zhongshan CHN"]
[Date "2014.10.27"]
[Round "2.2"]
[White "Wei Yi"]
[Black "Liu Guanchu"]
[Result "1-0"]
[WhiteElo "2641"]
[BlackElo "2409"]

1.d4 e6 2.c4 b6 3.e4 Bb7 4.Bd3 Nc6 5.Ne2 Nb4 6.Nbc3 Nxd3+ 7.Qxd3 d6 8.O-O Nf6
9.d5 e5 10.f4 Nd7 11.Qg3 g6 12.fxe5 Nxe5 13.Nd4 Bg7 14.Nf5 Bf6 15.Nh6 Qe7
16.Rxf6 Qxf6 17.Bg5 Qg7 18.Qf4 Nd7 19.Nb5  1-0

[Event "China zt 3.5 2014"]
[Site "Zhongshan CHN"]
[Date "2014.10.28"]
[Round "3.1"]
[White "Xiu Deshun"]
[Black "Wei Yi"]
[Result "1/2-1/2"]
[WhiteElo "2553"]
[BlackElo "2641"]

1.Nf3 Nf6 2.c4 g6 3.g3 Bg7 4.Bg2 d5 5.cxd5 Nxd5 6.O-O O-O 7.d4 Nb6 8.Nc3 Nc6
9.d5 Na5 10.e4 c6 11.Bf4 Nac4 12.Qe2 cxd5 13.Nxd5 Nxd5 14.exd5 Nxb2 15.Rac1 Bf5
16.Bc7 Bd3 17.Bxd8 Bxe2 18.Bxe7 Bxf1 19.Bxf1 Rfe8 20.d6 Rxe7 21.dxe7 Re8
22.Rc7 Bf6 23.Rxb7  1/2-1/2

[Event "China zt 3.5 2014"]
[Site "Zhongshan CHN"]
[Date "2014.10.29"]
[Round "4.2"]
[White "Wei Yi"]
[Black "Lei Tingjie"]
[Result "1-0"]
[WhiteElo "2641"]
[BlackElo "2421"]

1.e4 c5 2.Nf3 e6 3.d4 cxd4 4.Nxd4 Nc6 5.Nc3 Qc7 6.Be3 a6 7.Qf3 Ne5 8.Qg3 Nf6
9.f4 Nc4 10.e5 Nxb2 11.Bd2 Nd5 12.Nxd5 exd5 13.Nf5 g6 14.Nd6+ Bxd6 15.exd6 Qb6
16.Qb3 Qxd6 17.Qxb2 Qe6+ 18.Kf2  1-0

[Event "China zt 3.5 2014"]
[Site "Zhongshan CHN"]
[Date "2014.10.30"]
[Round "5.2"]
[White "Zhao,Yuanhe"]
[Black "Wei Yi"]
[Result "0-1"]
[WhiteElo "2091"]
[BlackElo "2641"]

1.d4 Nf6 2.c4 g6 3.Nc3 d5 4.Nf3 Bg7 5.Bf4 O-O 6.Rc1 Be6 7.Ng5 c5 8.dxc5 d4
9.Nb5 Nc6 10.e4 Bg4 11.Be2 Bxe2 12.Qxe2 d3 13.Qe3 e5 14.Bg3 Bh6 15.f4 d2+
16.Qxd2 Qxd2+ 17.Kxd2 exf4  0-1

[Event "China zt 3.5 2014"]
[Site "Zhongshan CHN"]
[Date "2014.10.31"]
[Round "6.1"]
[White "Wei Yi"]
[Black "Zhao Jun"]
[Result "1/2-1/2"]
[WhiteElo "2641"]
[BlackElo "2578"]

1.e4 e5 2.Nf3 Nc6 3.Bb5 Nf6 4.d3 d6 5.O-O Be7 6.c3 O-O 7.Nbd2 Bd7 8.Ba4 Rb8
9.Re1 b5 10.Bc2 b4 11.d4 bxc3 12.bxc3 Re8 13.d5 Na5 14.c4 c6 15.Ba3 Bf8 16.Ba4 Qc8
17.Rc1 Qa6 18.c5 dxc5 19.Bxc5 Rbd8 20.Bxf8 Kxf8 21.d6 Bg4 22.h3 Bxf3 23.Nxf3 Nc4
24.Qc2 Nxd6 25.Bxc6 Rc8 26.Qc5 Nxe4 27.Qd5 Qa3 28.Nxe5 Nf6 29.Qd2 Re6 30.Nd7+ Kg8
31.Rxe6 fxe6 32.Nxf6+ gxf6 33.Rc3 Ne4 34.Qd7 Nxc3 35.Qxc8+ Kg7 36.Qc7+ Kf8
37.Qd8+ Kg7 38.Qc7+ Kf8 39.Qc8+ Kg7 40.Qd7+ Kf8 41.Qd8+ Kg7 42.Kh2 Qc5 43.Qd7+ Kf8
44.Qxe6 Qxf2 45.Qd6+ Kg7 46.Qe7+ Kg8 47.Qe6+ Kg7 48.Qe7+ Kg8 49.Qe6+ Kg7
50.Qd7+ Kh6 51.Qd6 Ne2 52.Qf8+ Kg6 53.Be4+ f5 54.Bxf5+ Kg5 55.Qe7+ Kf4 56.Qd6+ Kg5
57.Qd8+ Kf4 58.Qc7+ Kg5 59.Qg7+ Kf4 60.Qc7+ Kg5 61.Qd8+ Kf4 62.Qd6+ Kg5 63.Qe7+ Kf4
64.Qb4+ Kg5 65.h4+ Qxh4+ 66.Qxh4+ Kxh4 67.Bxh7 Nc3 68.Bg8 a5 69.Be6 a4 70.a3 Nb5
71.Bc4 Nxa3 72.Bd3 Kg4  1/2-1/2

[Event "China zt 3.5 2014"]
[Site "Zhongshan CHN"]
[Date "2014.11.01"]
[Round "7.1"]
[White "Gao Rui"]
[Black "Wei Yi"]
[Result "1/2-1/2"]
[WhiteElo "2523"]
[BlackElo "2641"]

1.e4 c5 2.Nf3 d6 3.d4 cxd4 4.Nxd4 Nf6 5.Nc3 a6 6.Bg5 e6 7.f4 Qb6 8.Qd3 Qxb2
9.Rb1 Qa3 10.f5 Be7 11.fxe6 fxe6 12.Be2 Qa5 13.Bd2 Qc7 14.g4 h6 15.Qh3 O-O
16.g5 hxg5 17.Nxe6 Qc6 18.O-O d5 19.exd5 Nxd5 20.Nxd5 Qxd5 21.Bd3 Bc5+ 22.Be3 Bxe3+
23.Qxe3 Rxf1+ 24.Rxf1 Qxe6 25.Bc4 Qxc4 26.Qe8+ Kh7 27.Qh5+ Kg8 28.Qe8+  1/2-1/2

[Event "China zt 3.5 2014"]
[Site "Zhongshan CHN"]
[Date "2014.11.02"]
[Round "8.1"]
[White "Wei Yi"]
[Black "Bu Xiangzhi"]
[Result "1-0"]
[WhiteElo "2641"]
[BlackElo "2710"]

1.e4 c5 2.Nf3 Nc6 3.Nc3 g6 4.d4 cxd4 5.Nxd4 Bg7 6.Be3 Nf6 7.Bc4 Qa5 8.O-O O-O
9.Nb3 Qc7 10.f4 d6 11.Be2 a6 12.Qe1 Bg4 13.Bxg4 Nxg4 14.Nd5 Qd8 15.Bb6 Qd7
16.Rd1 Nf6 17.Nxf6+ Bxf6 18.e5 Bg7 19.c3 Rfe8 20.Qd2 Bf8 21.Qd5 Qf5 22.exd6 Qxd5
23.Rxd5 exd6 24.Rfd1 Rac8 25.Kf2 Nb8 26.g4 Nd7 27.Bd4 f6 28.Kf3 Rc7 29.Nd2 Kf7
30.Ne4 Rc6 31.h4 Be7 32.Bf2 Ke6 33.Bg3 f5 34.Ng5+ Bxg5 35.gxf5+ gxf5 36.fxg5 Kf7
37.Rxd6 Rxd6 38.Rxd6 Nc5 39.Rf6+ Kg8 40.Rxf5 Na4 41.Re5 Rf8+ 42.Kg4 Nxb2
43.Re7 Rf7 44.Re8+ Rf8 45.Re7 Rf7 46.Re6 Nc4 47.h5 Rd7 48.Bf2 Na5 49.Bd4 Nc6
50.Re8+ Kf7 51.Rh8 Ke6 52.Bf6 Ne5+ 53.Bxe5 Kxe5 54.Re8+ Kd5 55.g6 hxg6 56.hxg6 Kc4
57.Re3 Kb5 58.Rg3 Ka4 59.Kf5 Rd8 60.g7 Rg8 61.Kg6 Ka3 62.Rg2  1-0

[Event "China zt 3.5 2014"]
[Site "Zhongshan CHN"]
[Date "2014.11.03"]
[Round "9.1"]
[White "Liu,Yan"]
[Black "Wei Yi"]
[Result "1/2-1/2"]
[WhiteElo "2364"]
[BlackElo "2641"]

1.d4 Nf6 2.c4 g6 3.Nf3 Bg7 4.g3 d5 5.Bg2 O-O 6.O-O dxc4 7.Na3 c3 8.bxc3 c5
9.Bb2 Nc6 10.Nc4 Be6 11.Nce5 Qb6 12.Ba3 Ne4 13.Qd3 f5 14.Nxc6 bxc6 15.Qe3 cxd4
16.cxd4 Bd5 17.Bxe7 Rfe8 18.Qa3 Bxd4 19.Nxd4 Qxd4 20.e3 Qe5 21.Bc5 Nd2 22.Bd4 Qe6
23.Bb2 Nxf1 24.Qc3 Re7 25.Qh8+ Kf7 26.Qxh7+ Ke8 27.Qh8+ Kf7 28.Qg7+ Ke8 29.Qh8+ Kf7
30.Qg7+  1/2-1/2

[Event "China zt 3.5 2014"]
[Site "Zhongshan CHN"]
[Date "2014.11.04"]
[Round "10.1"]
[White "Wei Yi"]
[Black "Zhou Jianchao"]
[Result "1/2-1/2"]
[WhiteElo "2641"]
[BlackElo "2580"]

1.e4 c5 2.Nf3 d6 3.d4 cxd4 4.Nxd4 Nf6 5.Nc3 a6 6.Be3 e5 7.Nb3 Be6 8.Qd2 Nbd7
9.O-O-O Be7 10.f3 h5 11.Nd5 Bxd5 12.exd5 Qc7 13.Kb1 Nb6 14.Qa5 Rc8 15.c3 Bd8
16.Bxb6 Qxb6 17.Qa4+ Kf8 18.Bd3 g6 19.f4 Kg7 20.Rhf1 Re8 21.Rde1 Re7 22.Re2 Rcc7
23.f5 g5 24.Be4 Rc8 25.Ka1 Qb5 26.Qxb5 axb5 27.a3 Bb6 28.Nd2 Rc5 29.Nb3 Rc8
30.Nd2 Rec7 31.Bc2 Rc5 32.Bb3 g4 33.Kb1 Re8 34.Kc2 Kh6 35.Kd3 Kg5 36.Ree1 Rc7
37.Re2 e4+ 38.Nxe4+ Nxe4 39.Rxe4 Rxe4 40.Kxe4 Re7+ 41.Kd3 g3 42.Rh1 gxh2
43.Rxh2 Re5 44.Rh3 Rxf5 45.Rg3+ Kf6 46.Rh3 Rg5 47.Bd1 Rxg2 48.Be2 Rg5 49.Rxh5 Re5
50.Kd2 Be3+  1/2-1/2

[Event "China zt 3.5 2014"]
[Site "Zhongshan CHN"]
[Date "2014.11.05"]
[Round "11.1"]
[White "Wang,Yiye"]
[Black "Wei Yi"]
[Result "0-1"]
[WhiteElo "2422"]
[BlackElo "2641"]

1.e4 c5 2.Nf3 Nc6 3.Nc3 g6 4.Bc4 Bg7 5.O-O d6 6.d3 e6 7.Be3 Nge7 8.d4 d5
9.Bb5 O-O 10.Bxc6 Nxc6 11.exd5 exd5 12.h3 Bf5 13.Bg5 Qa5 14.Nxd5 cxd4 15.Nf6+ Kh8
16.Nxd4 Bxc2 17.Nxc6 Qxg5 18.Qxc2 Qxf6 19.Na5 Rac8 20.Qa4 Qa6 21.Qb4 b6 22.Nb3 Bxb2
23.Nc5 Qa3 24.Qxa3 Bxa3 25.Nd3 Rc2 26.Rfd1 Re8 27.Ne1 Rce2 28.Kf1 Kg7 29.Nd3 R8e7
30.Re1 Rd2 31.Red1 Ree2 32.Rxd2 Rxd2 33.Nf4 Bd6  0-1

[Event "TCh-CHN Division A"]
[Site "Taizhou CHN"]
[Date "2014.11.14"]
[Round "16.4"]
[White "Wei Yi"]
[Black "Zhou Jianchao"]
[Result "1/2-1/2"]
[WhiteElo "2649"]
[BlackElo "2590"]

1.e4 c5 2.Nf3 d6 3.d4 cxd4 4.Nxd4 Nf6 5.Nc3 a6 6.Be3 e5 7.Nb3 Be6 8.f3 h5
9.Nd5 Bxd5 10.exd5 Nbd7 11.Qd2 g6 12.Be2 Bg7 13.O-O O-O 14.Na5 Qc7 15.c4 e4
16.f4 Ng4 17.Bxg4 hxg4 18.f5 Rfe8 19.Rae1 Ne5 20.f6 Bh8 21.b3 b6 22.Nc6 Nxc6
23.dxc6 Qxc6 24.Bd4 d5 25.h3 dxc4 26.hxg4 Qd7 27.Qe3 Qxg4 28.bxc4 Re6 29.Rf4 Qg5
30.Qf2 Rc8 31.Rexe4 Rxe4 32.Rxe4 Rxc4 33.Re8+ Kh7 34.Re4 Kg8 35.Re8+ Kh7
36.Re4 Kg8 37.Kh2 Rxd4 38.Qxd4 Bxf6 39.Qe3 Qd5 40.a4 Kg7 41.Qf3 b5 42.axb5 axb5
43.Re1 Qd6+ 44.g3 b4 45.Rd1 Qe6 46.Rd5 Qb6 47.Rd7 Qe6 48.Qd5 Qxd5 49.Rxd5 b3
50.Rb5 b2 51.g4 Be5+ 52.Kg2 f6 53.Kf3 Kh6 54.Rb3 Kg5 55.Rb7 f5 56.gxf5 Kxf5
57.Rf7+ Bf6 58.Rb7 g5 59.Rb3 g4+ 60.Kg2 Bc3 61.Kg3 Be1+ 62.Kg2 Bc3 63.Kg3 Be5+
64.Kg2 Ke4 65.Rb4+ Kd3 66.Rxb2 Bxb2 67.Kg3 Ke4 68.Kxg4  1/2-1/2

[Event "TCh-CHN Division A"]
[Site "Taizhou CHN"]
[Date "2014.11.15"]
[Round "17.3"]
[White "Zhou,Jiangnan"]
[Black "Wei Yi"]
[Result "0-1"]
[WhiteElo "2100"]
[BlackElo "2649"]

1.d4 Nf6 2.c4 e6 3.Nc3 Bb4 4.f3 c5 5.d5 O-O 6.e4 d6 7.Ne2 b5 8.dxe6 fxe6
9.e5 dxe5 10.Qxd8 Rxd8 11.cxb5 a6 12.Ng3 axb5 13.Bxb5 Ra5 14.Be2 Nc6 15.O-O Nd4
16.Bc4 Nd5 17.Bg5 Rd7 18.Nce4 Nb6 19.a3 Nxc4 20.axb4 cxb4 21.Rxa5 Nxa5 22.Rc1 Bb7
23.Nc5 Rf7 24.Nxb7 Rxb7 25.Rc8+ Kf7 26.Ne4 Kg6 27.h4 Nac6 28.Kf2 h6 29.Bd2 Ne7
30.Rf8 Nb3 31.Be3 Kh7 32.h5 Nd5 33.g4 g6 34.Re8 Rc7 35.Ke2 gxh5 36.gxh5 Rc2+
37.Kd3 Rc6 38.Rb8 Rc7 39.Re8 Rd7 40.Ke2 Kg7 41.Rb8 Rc7 42.Kd3 Rf7 43.Ke2 Rc7
44.Kd3 Rf7 45.Ke2 Nd4+ 46.Bxd4 exd4 47.Rb5 Rf5 48.Rb7+ Kf8 49.Kd3 e5 50.Kc4 Ne3+
51.Kc5 Rxf3 52.Kd6 Ng4 53.Ke6 Kg8 54.Rxb4 Rf7 55.Rb3 Kg7 56.Rg3 Rf4 57.Nf2 Rf6+
58.Kd5 Rxf2 59.Rxg4+ Kf6 60.b4 Rb2 61.Kc4 Kf5 62.Rg8 Rc2+ 63.Kd5 Kf4 64.Rf8+ Ke3
65.Kxe5 Rh2 66.Kd5 d3 67.Re8+ Kf2 68.Kc4 d2 69.Rd8 Ke1 70.Re8+ Re2 71.Rd8 d1=Q
72.Rxd1+ Kxd1 73.b5 Rb2  0-1

[Event "TCh-CHN Division A 2014"]
[Site "Taizhou CHN"]
[Date "2014.11.16"]
[Round "18.5"]
[White "Wei Yi"]
[Black "Laznicka,V"]
[Result "1-0"]
[WhiteElo "2649"]
[BlackElo "2667"]

1.e4 c6 2.d4 d5 3.e5 Bf5 4.Nf3 e6 5.Be2 c5 6.O-O Nc6 7.c3 Rc8 8.a3 cxd4 9.cxd4 Nge7
10.b4 Rc7 11.Nc3 Nc8 12.Bg5 Be7 13.Bxe7 Qxe7 14.h3 O-O 15.Rc1 Nb8 16.Qb3 Rd8
17.Rfd1 h6 18.Kf1 Rdd7 19.Bb5 Rd8 20.Be2 Rdd7 21.Kg1 Bg6 22.Kh2 Kf8 23.g3 Kg8
24.Nh4 Bh7 25.Ng2 Qd8 26.Ne3 a6 27.a4 Nb6 28.a5 Nc4 29.Na4 Nxe3 30.fxe3 Rxc1
31.Rxc1 Rc7 32.Rxc7 Qxc7 33.Nc5 Nd7 34.Qa4 Nf8 35.Qe8 Bf5 36.Qa8 Qe7 37.h4 g5
38.Qxb7 Qd8 39.Qb6 Qe8 40.g4 Bc2 41.h5 f6 42.exf6 Qf7 43.Qd8  1-0

[Event "4th Chinese Rapid Masters"]
[Site "Shenzhen CHN"]
[Date "2014.11.18"]
[Round "1.4"]
[White "Wei Yi"]
[Black "Wang Yue"]
[Result "1-0"]
[WhiteElo "2649"]
[BlackElo "2711"]

1.e4 e5 2.Bc4 Nf6 3.d3 c6 4.Nf3 d5 5.Bb3 Bd6 6.exd5 cxd5 7.Bg5 Be6 8.Nc3 Bc7
9.d4 e4 10.Nd2 Ba5 11.O-O Nc6  1-0

[Event "4th Chinese Rapid Masters"]
[Site "Shenzhen CHN"]
[Date "2014.11.18"]
[Round "3.3"]
[White "Wei Yi"]
[Black "Ding Liren"]
[Result "1/2-1/2"]
[WhiteElo "2649"]
[BlackElo "2730"]

1.e4 c6 2.d4 d5 3.e5 Bf5 4.Nf3 e6 5.Be2 Ne7 6.O-O h6 7.Nbd2 Nd7 8.Nb3 g5
9.Ne1 Qc7 10.Nd3 b6 11.Be3 Bg7 12.f4 c5 13.dxc5 gxf4 14.cxb6 axb6 15.Bxf4 Ng6
16.Bg3 Bxd3 17.Bxd3 Ngxe5 18.Qh5 O-O 19.Bf4 f5 20.Bxh6 Ra4 21.Rf4 Nf6 22.Qg5 Rxf4
23.Qxf4 Bxh6 24.Qxh6 Neg4 25.Qh4 Rf7 26.Re1 Rh7 27.Qg3 Qxg3 28.hxg3 Ne4 29.Bxe4 fxe4
30.Nd2 e3 31.Nf3 e5 32.c3 Rd7 33.Rd1 Nf2 34.Re1 Ng4 35.Rd1 d4 36.cxd4 Nf2
37.Re1 exd4 38.Nxd4 Rxd4 39.Rxe3 Ng4 40.Rf3 Kg7 41.Rf4 Rd1+ 42.Rf1 Rd2 43.Rf4 Rd1+
44.Rf1 Rd6 45.Rf4 Ne5 46.Rb4 Kf6 47.a4 Kf5 48.Rb5 Ke4 49.a5 bxa5 50.Rxa5 Rd2
51.Kh2 Rxb2 52.g4 Nxg4+ 53.Kg3 Ne3 54.Ra4+ Kd3 55.Kf3 Nxg2 56.Ra3+ Kd4 57.Ra4+ Kd5
58.Ra5+ Ke6 59.Ra6+ Kf5 60.Ra5+ Kg6 61.Ra6+ Kg5 62.Ra5+ Kh4 63.Ra1 Kh5 64.Rh1+ Nh4+
65.Kf4 Rb4+ 66.Ke5 Kg4 67.Rg1+ Kf3 68.Rf1+ Ke2 69.Ra1 Nf3+ 70.Kf5 Kf2 71.Ra8 Nh4+
72.Ke5 Kg3 73.Kd5 Kf4 74.Kc5 Re4 75.Rb8 Re5+ 76.Kc6 Nf5 77.Rb1 Kg5 78.Rf1 Kf6
79.Kd7 Rc5 80.Rf2 Rc1 81.Ra2 Nd4 82.Ra6+ Ke5 83.Ra5+ Ke4 84.Ra4 Rc5 85.Ra1 Nf3
86.Kd6 Rd5+ 87.Ke7 Ke5 88.Rh1 Ng5 89.Ra1 Rd2 90.Re1+ Ne4 91.Rh1 Rd5 92.Rh5+  1/2-1/2

[Event "4th Chinese Rapid Masters"]
[Site "Shenzhen CHN"]
[Date "2014.11.19"]
[Round "4.3"]
[White "Ma Qun"]
[Black "Wei Yi"]
[Result "1-0"]
[WhiteElo "2621"]
[BlackElo "2649"]

1.e4 c5 2.Nf3 Nc6 3.Bb5 g6 4.O-O Bg7 5.Re1 Nf6 6.e5 Nd5 7.Nc3 Nc7 8.Bxc6 dxc6
9.Ne4 b6 10.Nf6+ Kf8 11.Ne4 Bg4 12.h3 Bxf3 13.Qxf3 Qd5 14.d3 Ne6 15.Ng5 Nd4
16.Qd1 Bxe5 17.c3 Nf5 18.Nf3 Bf6 19.g4 Nh4 20.Nxh4 Bxh4 21.Bh6+ Ke8  1-0

[Event "4th Chinese Rapid Masters"]
[Site "Shenzhen CHN"]
[Date "2014.11.19"]
[Round "5.2"]
[White "Wei Yi"]
[Black "Yu Yangyi"]
[Result "1-0"]
[WhiteElo "2649"]
[BlackElo "2705"]

1.e4 c6 2.d4 d5 3.e5 Bf5 4.Nf3 e6 5.Be2 c5 6.O-O Nc6 7.c3 cxd4 8.Nxd4 Nge7
9.Nxf5 Nxf5 10.Bd3 Bc5 11.Nd2 Nh4 12.Qe2 O-O 13.Kh1 f6 14.Nb3 Bb6 15.Qh5 Nf5
16.Bxf5 exf5 17.exf6 Qxf6 18.Bg5 Qf7 19.Qxf7+ Rxf7 20.Rad1 f4 21.Bh4 Ne5
22.Rxd5 Ng6 23.g3 Re8 24.Nd4 h6 25.Kg2 Bxd4 26.Rxd4 Re2 27.b4 Rxa2 28.c4 Rc2
29.c5 f3+ 30.Kh3 Ne5 31.Rd5 Nc4 32.g4 Rb2 33.Rc1 Na3 34.Rc3 Nb1 35.Rc4 a6
36.g5 hxg5 37.Rxg5 Na3 38.Re4 Nc2 39.Rgg4 Rb3 40.Bg3 Rd3 41.Bd6 Rd5 42.Rh4 g5
43.Re8+ Kg7 44.Rhe4 Kg6 45.Kg4 Rd4 46.Re6+ Kh7 47.Kxg5 Rg7+ 48.Kh5 Rd5+ 49.Be5 Rg2
50.Re8 Rxh2+ 51.Kg5 Rg2+ 52.Kf5 Rxe5+ 53.R8xe5  1-0

[Event "4th Chinese Rapid Masters"]
[Site "Shenzhen CHN"]
[Date "2014.11.20"]
[Round "6.4"]
[White "Wang Hao"]
[Black "Wei Yi"]
[Result "1-0"]
[WhiteElo "2710"]
[BlackElo "2649"]

1.c4 g6 2.Nc3 c5 3.g4 Bg7 4.Bg2 Nc6 5.e3 e6 6.Nge2 Nge7 7.O-O O-O 8.d4 cxd4
9.exd4 d5 10.cxd5 exd5 11.Bg5 Qb6 12.Qb3 Qxb3 13.axb3 Nf5 14.Nxd5 Nfxd4 15.Nxd4 Bxd4
16.b4 Bxb2 17.b5 Bxa1 18.Rxa1 Nd8 19.Bh6 f5 20.b6 a5 21.Re1 Ne6 22.Nc7 Bd7
23.Bd5 Rfe8 24.Nxa8 Rxa8 25.Bxe6+ Bxe6 26.Rxe6 Kf7 27.Re5 a4 28.Bg5 a3 29.Re7+ Kg8
30.Bf6 a2 31.Rg7+  1-0

[Event "4th Chinese Rapid Masters"]
[Site "Shenzhen CHN"]
[Date "2014.11.20"]
[Round "7.1"]
[White "Wei Yi"]
[Black "Bu Xiangzhi"]
[Result "1-0"]
[WhiteElo "2649"]
[BlackElo "2707"]

1.e4 e5 2.Bc4 Nf6 3.d3 d6 4.Nf3 Be7 5.O-O O-O 6.Re1 Nc6 7.a4 Be6 8.Nc3 Nd4
9.Nxd4 exd4 10.Ne2 c5 11.Bxe6 fxe6 12.Ng3 e5 13.c4 a5 14.f4 exf4 15.Bxf4 g6
16.e5 dxe5 17.Bxe5 Ra6 18.Bxf6 Raxf6 19.Ne4 Rf5 20.Qd2 Bg5 21.Nxg5 Qxg5 22.Qxg5 Rxg5
23.Re7 Rf7 24.Rxf7 Kxf7 25.Ra3 Re5 26.Rb3 Re3 27.Rxb7+ Kf6 28.Kf2 Rxd3 29.Ke2 Re3+
30.Kd2 Re5 31.Ra7 Rf5 32.Ke2 Re5+ 33.Kd3 Re3+ 34.Kd2 Rb3 35.Kc2 Re3 36.Rxa5 Re2+
37.Kb3 Rxg2 38.Rxc5 Rxh2 39.a5 Rh1 40.Rd5 g5 41.Rxd4 h5 42.c5 g4 43.c6 g3
44.c7 Rc1 45.Rc4 Rxc4 46.Kxc4 g2 47.c8=Q g1=Q 48.Qd8+ Kf7 49.Qd5+ Ke8 50.Qxh5+ Kd7
51.Qb5+ Kd8  1-0